The New Haven State House with some account of the Green; (Record no. 52537)
[ view plain ]
| 000 -LEADER | |
|---|---|
| fixed length control field | 00829cam a22002291 4500 |
| 001 - CONTROL NUMBER | |
| control field | rc 01003275 |
| 003 - CONTROL NUMBER IDENTIFIER | |
| control field | DLC |
| 005 - DATE AND TIME OF LATEST TRANSACTION | |
| control field | 20260227111909.0 |
| 007 - PHYSICAL DESCRIPTION FIXED FIELD--GENERAL INFORMATION | |
| fixed length control field | cr_||||||||||| |
| 008 - FIXED-LENGTH DATA ELEMENTS--GENERAL INFORMATION | |
| fixed length control field | 841023s1889 ctuae 000 0 eng |
| 010 ## - LIBRARY OF CONGRESS CONTROL NUMBER | |
| LC control number | rc 01003275 |
| 035 ## - SYSTEM CONTROL NUMBER | |
| System control number | (OCoLC)11299937 |
| 040 ## - CATALOGING SOURCE | |
| Original cataloging agency | DLC |
| Transcribing agency | CoD |
| Modifying agency | DLC |
| 050 00 - LIBRARY OF CONGRESS CALL NUMBER | |
| Classification number | F104.N6 |
| Item number | P3 |
| 100 1# - MAIN ENTRY--PERSONAL NAME | |
| Personal name | Peck, Henry. |
| 245 14 - TITLE STATEMENT | |
| Title | The New Haven State House with some account of the Green; |
| Remainder of title | and various matters of historical and local interest, gather from many sources... |
| 260 ## - PUBLICATION, DISTRIBUTION, ETC. | |
| Place of publication, distribution, etc. | New Haven, Conn., |
| Name of publisher, distributor, etc. | H. Peck & G. H. Coe, |
| Date of publication, distribution, etc. | 1889. |
| 300 ## - PHYSICAL DESCRIPTION | |
| Extent | 282 p., |
| Other physical details | illustrations (include plans) |
| Dimensions | 21 x 16 cm. |
| 500 ## - GENERAL NOTE | |
| General note | Preface signed: Henry Peck. |
| 530 ## - ADDITIONAL PHYSICAL FORM AVAILABLE NOTE | |
| Additional physical form available note | Also available in digital form on the Internet Archive Web site. |
| 856 41 - ELECTRONIC LOCATION AND ACCESS | |
| Uniform Resource Identifier | <a href="http://hdl.loc.gov/loc.gdc/scd0001.00140655004">http://hdl.loc.gov/loc.gdc/scd0001.00140655004</a> |
No items available.